[Event "Gdansk op 14th"]
[Site "Gdansk"]
[Date "2012.07.28"]
[Round "8"]
[White "Janik, Igor"]
[Black "Plewa, Piotr"]
[Result "0-1"]
[WhiteElo "1767"]
[BlackElo "1900"]
[PlyCount "112"]
[EventDate "2012.07.22"]
[EventType "swiss"]
[EventRounds "9"]
[EventCountry "POL"]
[SourceTitle "CBM 149 Extra"]
[Source "ChessBase"]
[SourceDate "2012.08.24"]
[SourceVersion "1"]
[SourceVersionDate "2012.08.24"]
[SourceQuality "1"]

1. e4 c5 2. Nf3 e6 3. d4 cxd4 4. Nxd4 a6 5. Bd3 Qc7 6. 0-0 Nf6 7. Nc3 Bc5 8. Nb3 Be7 9. Be3 d6 10. a4 b6 11. a5 b5 12. Bb6 Qb7 13. f4 Nbd7 14. Bd4 e5 15. fxe5 Nxe5 16. Qe2 0-0 17. Nd5 Be6 18. Nxe7+ Qxe7 19. Nd2 Rac8 20. c3 Nfd7 21. Bb1 f6 22. Ba2 Bxa2 23. Rxa2 Rfe8 24. Raa1 Nc4 25. Nxc4 Rxc4 26. b3 Rc7 27. Rae1 Nc5 28. b4 Nxe4 29. Rf3 d5 30. Re3 Qf7 31. Bc5 Rc6 32. Qd3 h6 33. Bd4 Rce6 34. Qf1 Ng5 35. Qf5 Rxe3 36. Rxe3 Rxe3 37. Bxe3 Qe6 38. Qxe6+ Nxe6 39. h4 h5 40. Kf2 Kf7 41. Kf3 Kg6 42. g3 Kf5 43. Bb6 g5 44. Ba7 Ke5 45. Bb8+ Kf5 46. Ba7 Nd8 47. Bb6 Nc6 48. Bd4 Ne5+ 49. Ke3 gxh4 50. gxh4 Kg4 51. Bb6 Nc6 52. Bc7 Kxh4 53. Kf4 Kh3 54. Kf5 Kg2 55. Kxf6 h4 56. Ke6 d4 0-1

[Event "Gdansk op 13th"]
[Site "Gdansk"]
[Date "2011.07.22"]
[Round "7"]
[White "Reza, Wojciech"]
[Black "Plewa, Piotr"]
[Result "1/2-1/2"]
[WhiteElo "2026"]
[BlackElo "1864"]
[PlyCount "55"]
[EventDate "2011.07.17"]
[EventType "swiss"]
[EventRounds "9"]
[EventCountry "POL"]
[SourceTitle "CBM 143 Extra"]
[Source "ChessBase"]
[SourceDate "2011.08.29"]
[SourceVersion "1"]
[SourceVersionDate "2011.08.29"]
[SourceQuality "1"]

1. e4 c5 2. Nf3 e6 3. d4 cxd4 4. Nxd4 a6 5. g3 Qc7 6. Bg2 Nf6 7. 0-0 Be7 8. Nc3 0-0 9. Be3 d6 10. a4 Nc6 11. Nxc6 bxc6 12. a5 d5 13. exd5 cxd5 14. Na4 Bb7 15. Bb6 Qb8 16. f4 Bd8 17. Bc5 Re8 18. Nb6 Bxb6 19. Bxb6 Nd7 20. Bd4 Qc7 21. Re1 f6 22. Bh3 Nc5 23. Ra3 Ne4 24. Bb6 Qc6 25. Bg2 Rac8 26. Re2 Nd6 27. Rc3 Qb5 28. Rb3 1/2-1/2

[Event "Gdansk op 12th "]
[Site "Gdansk"]
[Date "2010.07.23"]
[Round "8"]
[White "Plewa, Piotr"]
[Black "Szymanowski, Mateusz"]
[Result "0-1"]
[WhiteElo "1921"]
[BlackElo "1705"]
[PlyCount "82"]
[EventDate "2010.07.17"]
[EventType "swiss"]
[EventRounds "9"]
[EventCountry "POL"]
[SourceTitle "EXT 2011"]
[Source "ChessBase"]
[SourceDate "2010.11.26"]
[SourceVersion "1"]
[SourceVersionDate "2010.11.26"]
[SourceQuality "1"]

1. d4 Nf6 2. Nf3 g6 3. g3 Bg7 4. Bg2 0-0 5. 0-0 d6 6. c4 Nc6 7. Nc3 e5 8. d5 Ne7 9. e4 Ne8 10. Nd2 f5 11. f3 Nf6 12. Nb3 b6 13. Bg5 h6 14. Bxf6 Bxf6 15. Nd2 f4 16. g4 g5 17. b4 Ng6 18. Nb3 Nh4 19. Rf2 a6 20. a4 h5 21. h3 Kg7 22. a5 Rh8 23. axb6 cxb6 24. c5 hxg4 25. hxg4 Nxg2 26. Kxg2 Rh4 27. Rf1 Qh8 28. Rh1 bxc5 29. bxc5 Rb8 30. Qc2 dxc5 31. Nxc5 Bxg4 32. fxg4 f3+ 33. Kxf3 Rxh1 34. Rxh1 Qxh1+ 35. Qg2 Qc1 36. N3a4 Be7 37. Ne6+ Kg6 38. Qa2 Qd1+ 39. Kg3 Rb3+ 40. Kh2 Rb1 41. Qg2 Qxa4 0-1

[Event "Gdansk op 12th "]
[Site "Gdansk"]
[Date "2010.07.18"]
[Round "3"]
[White "Moszczenski, Milosz"]
[Black "Plewa, Piotr"]
[Result "0-1"]
[WhiteElo "1529"]
[BlackElo "1921"]
[PlyCount "78"]
[EventDate "2010.07.17"]
[EventType "swiss"]
[EventRounds "9"]
[EventCountry "POL"]
[SourceTitle "EXT 2011"]
[Source "ChessBase"]
[SourceDate "2010.11.26"]
[SourceVersion "1"]
[SourceVersionDate "2010.11.26"]
[SourceQuality "1"]

1. d4 d5 2. c4 c6 3. Nf3 Nf6 4. Bg5 e6 5. Nc3 Nbd7 6. e4 dxe4 7. Nxe4 Qa5+ 8. Nc3 Ne4 9. Bd2 Nxd2 10. Nxd2 Be7 11. a3 Nf6 12. b4 Qc7 13. Bd3 e5 14. d5 0-0 15. Qc2 g6 16. dxc6 Qxc6 17. 0-0-0 a5 18. Qb1 axb4 19. axb4 Rd8 20. Rhe1 Ra3 21. Qb2 Ra8 22. Qb1 Bxb4 23. Qxb4 Rxd3 24. Rxe5 Bf5 25. f3 h5 26. h3 h4 27. Nb3 Rad8 28. Rde1 Rc8 29. Nc5 Rd4 30. Nb5 Qb6 31. Qc3 Rdd8 32. Qe3 Nd5 33. Qd4 Nc7 34. Qe3 Nxb5 35. cxb5 f6 36. Qb3+ Kh8 37. Qb4 fxe5 38. Qxh4+ Kg8 39. Qc4+ Be6 0-1

[Event "Gdansk op"]
[Site "Gdansk"]
[Date "2009.07.25"]
[Round "8"]
[White "Traczewski, Wojciech"]
[Black "Plewa, Piotr"]
[Result "0-1"]
[WhiteElo "1869"]
[BlackElo "1959"]
[PlyCount "116"]
[EventDate "2009.07.19"]
[EventType "swiss"]
[EventRounds "9"]
[EventCountry "POL"]
[SourceTitle "CBM 131 Extra"]
[Source "ChessBase"]
[SourceDate "2009.09.03"]
[SourceVersion "2"]
[SourceVersionDate "2009.09.16"]
[SourceQuality "1"]

1. e4 c6 2. d4 d5 3. exd5 cxd5 4. c4 Nf6 5. Nc3 e6 6. c5 Be7 7. Bb5+ Bd7 8. Qa4 0-0 9. Nf3 Qc7 10. Bxd7 Nbxd7 11. Bg5 Rfe8 12. 0-0 a6 13. Rfe1 Rac8 14. b4 Nb6 15. Qa5 Nc4 16. Qxc7 Rxc7 17. Bxf6 gxf6 18. Re2 Rd8 19. Nd2 Nxd2 20. Rxd2 f5 21. f4 b6 22. Rb1 Rb8 23. Rb3 bxc5 24. bxc5 Rxb3 25. axb3 Rb7 26. Rb2 Bf6 27. Ne2 a5 28. c6 Rc7 29. Rc2 Be7 30. Kf2 Kf8 31. Nc1 Bb4 32. Nd3 Bd6 33. g3 Ke8 34. Nb2 Kd8 35. Na4 Ra7 36. Nc3 Ra6 37. Nb5 Bb4 38. Ke2 Kc8 39. h3 Rb6 40. Na7+ Kc7 41. Kf3 Bd6 42. Rc3 Rb8 43. Ke3 Kb6 44. c7 Bxc7 45. Nc6 Rg8 46. Kf3 Bd6 47. Ne5 Bxe5 48. fxe5 Ra8 49. Ke2 Ra7 50. Kd3 Rc7 51. Rxc7 Kxc7 52. h4 Kb6 53. Kc2 Kb5 54. h5 Kb4 55. h6 a4 56. bxa4 Kxa4 57. Kc3 Ka3 58. Kd2 Kb2 0-1

[Event "Gdansk op"]
[Site "Gdansk"]
[Date "2009.07.20"]
[Round "2"]
[White "Plewa, Piotr"]
[Black "Suliborski, Jakub"]
[Result "1-0"]
[WhiteElo "1959"]
[BlackElo "1795"]
[PlyCount "103"]
[EventDate "2009.07.19"]
[EventType "swiss"]
[EventRounds "9"]
[EventCountry "POL"]
[SourceTitle "CBM 131 Extra"]
[Source "ChessBase"]
[SourceDate "2009.09.03"]
[SourceVersion "2"]
[SourceVersionDate "2009.09.16"]
[SourceQuality "1"]

1. d4 d5 2. c4 e6 3. g3 c6 4. Bg2 dxc4 5. Nf3 Nf6 6. 0-0 Bd6 7. a4 Nbd7 8. Nbd2 0-0 9. Nxc4 Bc7 10. b4 Re8 11. Bb2 Nd5 12. Qb3 b6 13. Rfd1 Rb8 14. e4 N5f6 15. Nfe5 Bb7 16. Rac1 Qe7 17. Nxd7 Nxd7 18. e5 b5 19. Ne3 Nb6 20. Bxc6 Bxc6 21. Rxc6 Nxa4 22. d5 Bb6 23. d6 Qg5 24. Ba1 Bxe3 25. Qxe3 Qxe3 26. fxe3 Nb6 27. Bd4 Nc4 28. Rc7 Ra8 29. d7 Red8 30. Bc5 f6 31. Be7 Kf7 32. Bxd8 Rxd8 33. exf6 gxf6 34. Rxa7 Nxe3 35. Rd4 Nf5 36. Rd3 e5 37. g4 Nd4 38. Rb7 h6 39. Kf2 Kg6 40. Rc3 Kf7 41. Rc8 Ke7 42. Rxd8 Kxd8 43. Rb6 Kxd7 44. Rxf6 h5 45. gxh5 Ke7 46. Rg6 Kf7 47. Rg1 Nf5 48. Kf3 Ke6 49. h6 Nd6 50. Rg6+ Kd5 51. Rxd6+ Kxd6 52. h7 1-0